000 00574nam a2200217Ia 4500
003 OSt
005 20230519113905.0
008 210423s1989 xx 000 0 und d
040 _cAL
041 _aeng
082 _a658.303
_223
_bIVAD
100 _aIVANOVIC (A)
_9109608
245 _aDictionary of personnel management.
260 _aLondon
_bEvans Brothers Ltd
_c1989
300 _a194+
_bPB
365 _b125
_cINR
650 _aManagement
_9109609
650 _aPersonnel Management
_9109610
906 _aDictionary ; management. ; personnel
942 _2ddc
_cBK
999 _c172602
_d172602